| 000 | 00720cam a2200217 a 4500 | ||
|---|---|---|---|
| 003 | CO-ViMGA | ||
| 005 | 20230915225028.0 | ||
| 008 | 010829s2000 mx a jr 00111 spa d | ||
| 020 | _aISBN968166233-4 | ||
| 040 |
_aCO-ViMGA _bspa _cCO-ViMGA |
||
| 043 | _ae-sp--- | ||
| 082 | 0 | 4 |
_aI863.6 _bL14c3 _21 ed |
| 100 | 1 |
_aLairla, Sergio, _d1960-. _91011 |
|
| 245 | 1 | 3 |
_aLa carta de la senora González / _ctexto de Sergio Lairla ; ilustración de Ana G. Lartitegui. |
| 260 |
_aMexico : _bFondo de Cultura Economica, _c2000. |
||
| 300 |
_a35 p. : _bil. ; _c32 cm. |
||
| 650 | 1 | 4 |
_aCartas _v Cuentos. _91013 |
| 650 | 1 | 4 |
_aCuentos infantiles españoles. _91012 |
| 700 | 1 |
_aLartitegui, Ana G., _eil. _91014 |
|
| 942 |
_2ddc _cBK |
||
| 999 |
_c12173 _d12173 |
||